Statistics for Random Things

Click here to take the quiz!

General Stats

  • This quiz has been taken 46 times
  • The average score is 11 of 16

Answer Stats

Answer% Correct
Eye
100%
my
95%
heart.
93%
snakes.
93%
bear
90%
key
90%
two
85%
Love
83%
Horses
73%
Ally
70%
can
65%
knot
60%
arr
53%
tacos
50%
latte.
20%
Person
8%

Score Distribution

Percentile by Number Answered

Percent of People with Each Score

Your Score History

You have not taken this quiz